000 00459nam a2200193Ia 4500
003 OSt
005 20250916143147.0
008 250729s2004 xx 000 0 und d
020 _a978-8170243687
040 _cAL
041 _aeng
082 _a371.333 DHAT
100 _aDhand Harry
_9222557
245 _aTechniques of teaching
260 _aNew Delhi
_bA P H Publishing
_c2004
300 _a264p
650 _aEducation
_9222558
942 _2ddc
_cBED
999 _c235519
_d235519